00467 2200181 4500001002100000005001700021008004100038020001800079035002400097082000800121090001400129100002100143245003700164260002800201300002100229650002000250990001500270YOGYA-0412000000027220120419195709.0 ind  a979-428-152-2 0010-041200000000272 a813 a813 Sub G aSUBADIO, Haryati aGetaran-getarancHaryati Subadio aJakartabJambatanc1990 a159 hlm.c20 cm. aFiksi Indonesia a56032-P/95